| 000 | 02153nam a2200541 i 4500 | ||
|---|---|---|---|
| 001 | 15608 | ||
| 003 | KOSZ 005 | ||
| 005 | 20221007142252.0 | ||
| 008 | 200422s1973 pl a f f 000 0 pol | ||
| 015 | _aUWD 1973/7557 | ||
| 035 | _a991035199709705066 | ||
| 035 | _a(PL-WaBN)b1946566x-48omnis_nlop | ||
| 035 | _ab1946566x | ||
| 035 | _a(OCoLC)749762070 | ||
| 035 | _a(PL)b0000001946566 | ||
| 035 | _a(EXLNZ-48OMNIS_NETWORK)9910365108305606 | ||
| 040 |
_aWA N _cWA N _dKOSZ 005/RW |
||
| 041 | 1 |
_apol _hrus |
|
| 046 | _k1965 | ||
| 080 | _a681.5 | ||
| 080 | _a(07) | ||
| 245 | 0 | 0 |
_aZbiór zadań z teorii sterowania automatycznego / _credakcja W. A. Biesiekierski ; tłumaczenie Marek Bielecki, Karol Rumatowski, Robert Knast. |
| 246 | 1 |
_iTytuł oryginału: _aSbornik zadač po teorii avtomatičeskogo regulirovanijâ i upravleniâ |
|
| 260 |
_aWarszawa : _bWydawnictwa Naukowo-Techniczne, _c1973. |
||
| 300 |
_a568 stron : _bilustracje ; _c22 cm. |
||
| 336 |
_aTekst _btxt _2rdacontent |
||
| 337 |
_aBez urządzenia pośredniczącego _bn _2rdamedia |
||
| 338 |
_aWolumin _bnc _2rdacarrier |
||
| 380 | _aKsiążki | ||
| 380 | _aPublikacje fachowe | ||
| 380 | _aPublikacje dydaktyczne | ||
| 388 | _a1901-2000 | ||
| 388 | _a1945-1989 | ||
| 504 | _aBibliografia na stronach [566]-568. | ||
| 521 | 8 | _aKsiążka jest przeznaczona dla inżynierów i studentów wyższych szkół technicznych specjalizujących się w dziedzinie automatyki. | |
| 650 | 7 |
_aAutomatyka _2DBN |
|
| 650 | 7 | _aTeoria sterowania | |
| 655 | 7 |
_aĆwiczenia i zadania dla szkół wyższych _2DBN |
|
| 658 | _aInżynieria i technika | ||
| 700 | 1 |
_aBesekerskij, Viktor Antonovič _d(1915-1999) _eRedakcja |
|
| 700 | 1 |
_aBielecki, Marek _c(automatyka i robotyka) _eTłumaczenie |
|
| 700 | 1 |
_aRumatowski, Karol _d(1937- ) _eTłumaczenie |
|
| 700 | 1 |
_aMańczak, Kazimierz _d(1932-2022) _eTłumaczenie |
|
| 710 | 2 |
_aWydawnictwa Naukowo-Techniczne _4pbl |
|
| 856 |
_uhttp://koha.tu.koszalin.pl/cgi-bin/koha/opac-detail.pl?biblionumber=15608 _yKatalog online BPK |
||
| 942 |
_2UKD _cKS |
||
| 999 |
_c15608 _d15608 |
||